00329nam a2200121Ia 4500008004100000082001000041100003700051245002200088260004200110300001100152630002200163730002200185100204s9999 xx 000 0 und d b22203 aLARRY COLLINS/DOMINIQUE LAPIEREA aIS PARIS BURNING? b"VIKAS PUBLISHING HOUSE, DELHI"c1990 a375+16 aIS PARIS BURNING? aIS PARIS BURNING?